| 000 | 00588nam a2200181 a 4500 | ||
|---|---|---|---|
| 001 | 1988 | ||
| 003 | CDMR | ||
| 005 | 20130517121450.0 | ||
| 008 | 130130s1993||||||||||||||||||||||||||||d | ||
| 040 |
_aCDMR _bcat _cCDMR |
||
| 100 | 1 |
_aWestphalen, Marie-Hélène _91485 |
|
| 245 | 1 | 3 |
_aLa dirección de comunicación _b: prácticas profesionales : diccionario técnico _cM H Westphalen i José Luis Piñuel |
| 260 |
_aMadrid _c1993 _bEdiciones del Prado |
||
| 300 |
_a1246 p ; _c25 cm |
||
| 650 | 0 | 4 |
_92798 _aComunicació en l'empresa |
| 650 | 0 | 4 |
_93463 _aComunicació _xDiccionaris |
| 942 |
_cMON _2udc |
||
| 999 |
_c1988 _d1988 |
||